000
00339nam a2200133Ia 4500
008
220216s9999 xx 000 0 und d
100
_a
Vorasirisunthorn A
245
0
_a
Agricultural production in 1994/95
260
_b
Bangkok Bank Monthly Review
_c
1995
300
_a
14-21
500
_a
Source Year: 1995
856
_u
HOA
942
_c
JS
999
_c
53960
_d
53960